000 00731nam a22002177a 4500
999 _c18133
_d18133
003 AR-CdUCM
008 190328b ||||| |||| 00| 0 spa d
040 _aMUNICIPALIDAD PROVINCIAL DEL CUSCO
_cBIBLIOTECA MUNICIPAL DEL CUSCO
082 _a985.61 /
_bT18
100 _aTamayo Herrera, Jose
_911513
245 _aHistoria social del Cuzco republicano /
260 _aLima :
_bUniverso S.A,
_c1981.
300 _a307 páginas ;
_c210 cm.
505 _aContenido: El cuzco en el siglo XIX -- La primera modernización -- La segunda modernización...
650 _aTamayo Herrera
_948380
650 _aCusco
_9772
650 _aCusco republicano
_926315
650 _aVida cotidiana
_91873
942 _2ddc
_cLIBROS
945 _awfj